Moderní analýza biologických dat. 3. díl, Nelineární modely v prostředí R /
Odborná publikace zabývající se nelineárními modely analýzy biologických dat.
Uloženo v:
| Série: | Moderní analýza biologických dat,
část 3 |
|---|---|
| Hlavní autor: | |
| Další autoři: | |
| Médium: | E-kniha |
| Jazyk: | Czech |
| Vydáno: |
Brno :
Masarykova univerzita,
2019
|
| Vydání: | 1. vydání |
| Témata: | |
| Příbuzné jednotky: | Z cyklu::
Moderní analýza biologických dat |
| Tagy: |
Žádné tagy |
| LEADER | 02278nam a2200553 i 4500 | ||
|---|---|---|---|
| 001 | 312454 | ||
| 003 | CZ PrSKC | ||
| 005 | 20260601215723.0 | ||
| 007 | ta | ||
| 008 | 191120s2019 xr a f f 001 0 cze | ||
| 015 | |a cnb003159026 | ||
| 020 | |a 9788021092778 |q (brožováno) | ||
| 020 | |a 978-80-210-9784-1 |q (vázáno) | ||
| 035 | |a (OCoLC)1135566066 | ||
| 040 | |a ABA001 |b cze |e rda | ||
| 072 | 7 | |a 57/59 |x Biologické vědy |2 Konspekt | |
| 080 | |a 57/59:004.6 |2 MRF | ||
| 080 | |a 004.62 |2 MRF | ||
| 080 | |a 519.233.5 |2 MRF | ||
| 080 | |a 004.42R |2 MRF | ||
| 080 | |a (035) |2 MRF | ||
| 100 | 1 | |a Pekár, Stano, |d 1970- |7 mzk2004237034 |4 aut |4 ill | |
| 245 | 1 | 0 | |a Moderní analýza biologických dat. |n 3. díl, |p Nelineární modely v prostředí R / |c Stano Pekár, Marek Brabec |
| 246 | 3 | 0 | |a Nelineární modely v prostředí R |
| 250 | |a 1. vydání | ||
| 264 | 1 | |a Brno : |b Masarykova univerzita, |c 2019 | |
| 300 | |a viii, 218 stran : |b ilustrace ; |c 24 cm | ||
| 336 | |a text |b txt |2 rdacontent | ||
| 337 | |a bez média |b n |2 rdamedia | ||
| 338 | |a svazek |b nc |2 rdacarrier | ||
| 504 | |a Obsahuje bibliografii a rejstříky | ||
| 520 | 2 | |a Odborná publikace zabývající se nelineárními modely analýzy biologických dat. | |
| 650 | 0 | 7 | |a biologická data |7 ph332176 |2 czenas |
| 650 | 0 | 7 | |a analýza dat |7 ph301326 |2 czenas |
| 650 | 0 | 7 | |a nelineární regresní modely |7 ph634650 |2 czenas |
| 650 | 0 | 7 | |a R (software) |7 ph571956 |2 czenas |
| 650 | 0 | 9 | |a biological data |2 eczenas |
| 650 | 0 | 9 | |a data analysis |2 eczenas |
| 650 | 0 | 9 | |a nonlinear regression models |2 eczenas |
| 650 | 0 | 9 | |a R (software) |2 eczenas |
| 655 | 7 | |a příručky |7 fd133209 |2 czenas | |
| 655 | 9 | |a handbooks and manuals |2 eczenas | |
| 700 | 1 | |a Brabec, Marek, |d 1966- |7 xx0071612 |4 aut | |
| 900 | |a ABA001 |b 19 | ||
| 044 | |a xr | ||
| 787 | 0 | 8 | |g 3 |i Z cyklu: |t Moderní analýza biologických dat |
| 910 | |a RBIT002 | ||
| 998 | |d 407786 |a https://core.palmknihy.cz/api/books/407786/cover?sglafl |b https://core.palmknihy.cz/api/books/407786/cover/400?sglafl |c https://core.palmknihy.cz/api/books/407786/cover/50?sglafl |e 2999-01-01 |g 218 |i 9788021097841 |k https://core.palmknihy.cz/api/books/407786/preview.pdf |l |q 49 |r 1 |s https://www.palmknihy.cz/kniha/407786 |t ebook |y 2024 |z 0 |v Moderní analýza biologických dat |w 3 | ||
| 999 | |d 312452 | ||